Uno es el poeta : antologia /

Guardado en:
Autor Principal: Sabines, Jaime
Formato: Libro
Publicado: Madrid : Visor Libros, 2001
Series:Coleccion Visor De Poesia ; 44
Materias:
Etiquetas: Agregar Etiqueta
Sin Etiquetas, Sea el primero en etiquetar este registro!
LEADER 00626nam a22002055a 4500
001 EHU.bham024521
003 AR-BHAM
005 20130507151320.0
008 130507s2001##################000#0#####d
082 M 8 |a 861.4 
100 1 |a Sabines, Jaime 
245 1 0 |a Uno es el poeta :  |b antologia /  |c Jaime Sabines 
260 |a Madrid :  |b Visor Libros,  |c 2001 
300 |a 140 p. 
490 0 |a Coleccion Visor De Poesia ; 44 
500 |a Ed. A Cargo De Carmen Alemany Bay 
653 |a Poesia 
653 |a Poesia mexicana-1911- 
653 |a Poesia hispanoamericana-1911- 
859 |a AR-BHAM  |b BIB. HUMANIDADES - General  |h M861.4  |i SA13  |k M  |p 286.02  |t Ej.1